MARC details
| 000 -LEADER |
| fixed length control field |
01424nam a2200217 a 4500 |
| 008 - FIXED-LENGTH DATA ELEMENTS--GENERAL INFORMATION |
| fixed length control field |
190508s2007 ||||||||||||||||| || u |
| 050 ## - LIBRARY OF CONGRESS CALL NUMBER |
| Classification number |
CTA(08)PGS/9A |
| 110 ## - MAIN ENTRY--CORPORATE NAME |
| Corporate name or jurisdiction name as entry element |
Technical Centre for Agricultural and Rural Cooperation (CTA) |
| 245 10 - TITLE STATEMENT |
| Title |
Make a living through fish farming |
| Statement of responsibility, etc. |
by Technical Centre for Agricultural and Rural Cooperation [CTA] |
| 260 ## - PUBLICATION, DISTRIBUTION, ETC. |
| Place of publication, distribution, etc. |
Wageningen: |
| Name of publisher, distributor, etc. |
Technical Centre for Agricultural and Rural Cooperation (CTA) |
| Date of publication, distribution, etc. |
2007 |
| 300 ## - PHYSICAL DESCRIPTION |
| Extent |
6p.: ill. |
| 490 ## - |
| -- |
CTA(08)PGS/9A |
| 650 ## - SUBJECT ADDED ENTRY--TOPICAL TERM |
| Topical term or geographic name entry element |
FISH CULTURE |
| 650 ## - SUBJECT ADDED ENTRY--TOPICAL TERM |
| Topical term or geographic name entry element |
FISH FARMING |
| 650 ## - SUBJECT ADDED ENTRY--TOPICAL TERM |
| Topical term or geographic name entry element |
FISH FARMING--ECONOMIC ASPECTS |
| 650 ## - SUBJECT ADDED ENTRY--TOPICAL TERM |
| Topical term or geographic name entry element |
FISH AS FOOD |
| 995 ## - |
| -- |
SPECIAL COLLECTIONS |
| -- |
3920 |
| -- |
CBU-MAIN LIBRARY (Kitwe) |
| -- |
CTA(08)PGS/9C |
| -- |
1 |
| -- |
AVAILABLE |
| -- |
May 8, 2019 |
| -- |
Technical Centre for Agriculture and Rural Cooperation |
| -- |
B3920 |
| -- |
International Publications |
| 995 ## - |
| -- |
SPECIAL COLLECTIONS |
| -- |
3921 |
| -- |
CBU-MAIN LIBRARY (Kitwe) |
| -- |
CTA(08)PGS/9C |
| -- |
1 |
| -- |
AVAILABLE |
| -- |
May 8, 2019 |
| -- |
Technical Centre for Agriculture and Rural Cooperation |
| -- |
B3921 |
| -- |
International Publications |
| 995 ## - |
| -- |
SPECIAL COLLECTIONS |
| -- |
3918 |
| -- |
CBU-MAIN LIBRARY (Kitwe) |
| -- |
CTA(08)PGS/9A |
| -- |
1 |
| -- |
AVAILABLE |
| -- |
May 8, 2019 |
| -- |
Technical Centre for Agriculture and Rural Cooperation |
| -- |
B3918 |
| -- |
International Publications |
| 995 ## - |
| -- |
SPECIAL COLLECTIONS |
| -- |
3919 |
| -- |
CBU-MAIN LIBRARY (Kitwe) |
| -- |
CTA(08)PGS/9B |
| -- |
2 |
| -- |
AVAILABLE |
| -- |
May 8, 2019 |
| -- |
Technical Centre for Agriculture and Rural Cooperation |
| -- |
B3919 |
| -- |
International Publications |
| 999 ## - |
| -- |
82325 |
| -- |
82325 |